Statistics for Sylvester Stallone Filmography

Click here to take the quiz!

General Stats

  • This quiz has been taken 778 times
    (55 since last reset)
  • The average score is 28 of 124

Answer Stats

TypeYearName% Correct
Film1976Rocky
100%
Film1979Rocky II
98%
Film1985Rocky IV
98%
Film1982Rocky III
96%
Film1990Rocky V
96%
Film2008Rambo
94%
Film1988Rambo III
86%
Film2015Creed
84%
Film1985Rambo: First Blood Part II
80%
Film1982First Blood
78%
Film2006Rocky Balboa
76%
Film2018Creed II
73%
Film2010The Expendables
69%
Film2012The Expendables 2
67%
Film1993Cliffhanger
65%
Film2014The Expendables 3
65%
Film2019Rambo: Last Blood
61%
Film1989Tango & Cash
57%
Film2023Expend4bles
55%
Film1995Judge Dredd
53%
Video Game1994Demolition Man
49%
Film1993Demolition Man
49%
Film1992Stop! Or My Mom Will Shoot
47%
Film2017Guardians of the Galaxy Vol. 2
45%
Film1997Cop Land
43%
Film2013Escape Plan
43%
Film2023Guardians of the Galaxy Vol. 3
43%
Film1986Cobra
39%
TV Show1997, 2013Saturday Night Live
33%
Film2018Escape Plan 2: Hades
31%
Film1987Over the Top
31%
Film1994The Specialist
31%
Film1996Daylight
29%
Film1995Assassins
27%
Film1991Oscar
27%
Film2003Spy Kids 3-D: Game Over
27%
Film1981Nighthawks
24%
Film2000Get Carter
22%
Web Series2022-PresentTulsa King
22%
Film2012Bullet to the Head
20%
Film1981Escape to Victory
20%
Film1975Death Race 2000
18%
Film2013Grudge Match
18%
Film1989Lock Up
18%
Film1984Rhinestone
18%
Film2022Samaritan
18%
Film1983Staying Alive
18%
Film2002D-Tox
16%
Film1978F.I.S.T.
16%
Film1978Paradise Alley
16%
Film1970The Party at Kitty and Stud's
16%
Film1998Antz
14%
Film2001Driven
14%
Video Game2019Mortal Kombat 11
14%
Documentary2023Sly
12%
Film1974The Lords of Flatbush
12%
Film2021The Suicide Squad
12%
Film2002Avenging Angelo
10%
FilmTBACliffhanger 2
10%
Film2019Escape Plan: The Extractors
10%
Film2003Taxi 3
10%
Web Series2023The Family Stallone
10%
Film2017Animal Crackers
8%
Film1971Bananas
8%
Film1970M*A*S*H
8%
Film2016Ratchet & Clank
8%
FilmTBASamaritan 2
8%
TV Show1979The Muppet Show
8%
Film2011Zookeeper
8%
Film2018Backtrace
6%
Film1976Cannonball
6%
Film1969Downhill Racer
6%
Commercial2020Facebook
6%
TV Show2005Las Vegas
6%
Film2014Reach Me
6%
TV Show2005The Contender
6%
Film1975The Prisoner of Second Avenue
6%
Film1975Capone
4%
Film1975Farewell, My Lovely
4%
FilmTBAHunter
4%
Film2009Kambakkht Ishq
4%
Film1971Klute
4%
Film1975Mandingo
4%
Film1970No Place to Hide
4%
Theater1970Score
4%
Film2003Shade
4%
Film1969The Square Root
4%
Web Series2017Ultimate Beastmaster
4%
Music Video1987Winner Takes It All
4%
TV Show2006, 2007WWE Raw
4%
Film2024Armored
2%
Video Game2021Big Rumble Boxing: Creed Champions
2%
TV Show1991Dream On
2%
Commercial1992Ito Sausages
2%
TV Show1975Kojak
2%
TV Show2002Liberty's Kids
2%
Commercial1997Lipton Brisk Ice Tea
2%
FilmTBALittle America
2%
Film1970Lovers and Other Strangers
2%
FilmTBANever Too Old to Die
2%
TV Show1975Police Story
2%
FilmTBAScavenger Hunt
2%
Documentary2021Stallone: Frank, That Is
2%
Film1997The Good Life
2%
TV Show1976, 1977, 1978The Mike Douglas Show
2%
Film1970The Sidelong Glances of a Pigeon Kicker
2%
TV Show2017This Is Us
2%
Short Film2007Vanity Fair: Killers Kill, Dead Men Die
2%
Film1972What's Up, Doc?
2%
Short Film1995Your Studio and You
2%
Film199854
0%
Commercial2002Citterio Food
0%
Theater1967Death of a Salesman
0%
Theater1971Desire Caught by the Tail
0%
Commercial1992Kirin Beer
0%
Commercial2021Michelob ULTRA
0%
Commercial1997Pontiac Bonneville
0%
Theater1969Rain
0%
Commercial2013RISE Credit
0%
Commercial2017Tecate
0%
DirectorTBATough as They Come
0%
TV Documentary1991Two Rooms: A Tribute to Elton John & Bernie Taupin
0%
Commercial2008Volkswagen Gol
0%
Commercial2014XBox One
0%

Score Distribution

Percentile by Number Answered

Percent of People with Each Score

Your Score History

You have not taken this quiz since the last reset